| 000 | 01784nam0a2200373 4500 | ||
|---|---|---|---|
| 001 | RU\NLR\BIBL_A\012583516 | ||
| 005 | 20211025123123.0 | ||
| 010 |
_a978-5-7133-1676-1 _91000 |
||
| 021 |
_aRU _bКН-П-21-027087 _9КН-П-21-2089 |
||
| 035 | _a(NLR Aleph) 012583516 | ||
| 090 |
_a12529414 _c12529414 |
||
| 100 | _a20210823d2021 k y0rusy50 ca | ||
| 101 | 0 | _arus | |
| 102 | _aRU | ||
| 105 | _ay|||z|||000zy | ||
| 181 | 0 |
_ai _baxxe |
|
| 182 | 0 | _an | |
| 200 | 1 |
_aВеликая трансформация через призму осевого времени _eмонография _fК.С. Гаджиев _gНациональный исследовательский институт мировой экономики и международных отношений имени Е.М. Примакова Российской академии наук (ИМЭМО РАН) |
|
| 203 |
_aТекст _bвизуальный _cнепосредственный |
||
| 210 |
_aМосква _cМеждународные отношения _d2021 |
||
| 215 |
_a677, [3] с. _d22 |
||
| 320 | _aБиблиогр. в подстроч. примеч. | ||
| 606 | 1 |
_aОбщество _xСоциально-политическое развитие _92206042 _3RU\NLR\AUTH\6601559845 |
|
| 606 | 1 |
_aМировая политика _z21 в. _92429266 _3RU\NLR\AUTH\661446069 |
|
| 606 | 1 |
_aМеждународные отношения _zнач. 21 в. _92433696 _3RU\NLR\AUTH\661448362 |
|
| 686 | 1 | _aТ3(0)63-6 | |
| 686 | 1 | _aФ011.1 | |
| 686 | 1 | _aФ2 | |
| 686 | 1 | _aС550.51 | |
| 700 | 1 |
_7ca _8rus _aГаджиев _bК. С. _gКамалудин Серажудинович _9114146 _3RU\NLR\AUTH\774161 |
|
| 942 | _cBOOK | ||
| 980 | _aNB | ||